Diaspora-Brazil - Statistics

General Stats
  • This quiz has been taken 184 times
  • The average score is 19 of 24
Answer Stats
Number of immigrants Continent Country % Correct
1.100.000 North America United States of America
99%
95.000 Europe Germany
97%
140.426 Europe Portugal
97%
128.238 Europe Spain
97%
200.000 Europe United Kingdom
97%
27.135 South America Argentina
95%
85.000 Europe Italy
93%
80.000 Europe France
92%
14.509 Oceania Australia
90%
22.920 North America Canada
90%
31.000 South America Bolivia
88%
275.000 Asia Japan
88%
26.482 South America Uruguay
88%
201.527 South America Paraguay
86%
27.100 Europe the Netherlands
75%
43.000 Europe Belgium
73%
10.000 South America Guyana
69%
10.649 Africa Angola
68%
22.000 South America Suriname
68%
44.000 Europe Switzerland
68%
8.704 Europe Ireland
61%
10.040 Asia Israel
42%
10.710 Asia the Philippines
28%
5.000 Africa Ghana
10%
No matching quizzes found
Score Distribution
Percent of People with Each Score
Percentile by Number Answered
Your Score History
You have not taken this quiz